Terence / (Record no. 23911)
[ view plain ]
| 000 -LEADER | |
|---|---|
| fixed length control field | 01131cam a2200325 a 4500 |
| 001 - CONTROL NUMBER | |
| control field | 23911 |
| 003 - CONTROL NUMBER IDENTIFIER | |
| rucl marc code | BD-RjUL |
| 005 - DATE AND TIME OF LATEST TRANSACTION | |
| control field | 20211209001003.0 |
| 008 - FIXED-LENGTH DATA ELEMENTS--GENERAL INFORMATION | |
| fixed length control field | 140312r19511912enk b 000 0 eng d |
| 035 ## - SYSTEM CONTROL NUMBER | |
| System control number | (BD-RjUL)23976 |
| System control number | (OCoLC)6671094 |
| 040 ## - CATALOGING SOURCE | |
| Original cataloging agency | KSU |
| Transcribing agency | KSU |
| Modifying agency | m.c |
| -- | EQO |
| -- | BD-RjUL |
| Language of cataloging | eng |
| 041 1# - LANGUAGE CODE | |
| Language code of text/sound track or separate title | eng |
| -- | lat |
| Language code of original | lat |
| 082 04 - DEWEY DECIMAL CLASSIFICATION NUMBER | |
| Classification number | 872 |
| Author mark and year | TET 1951 |
| 090 ## - LOCALLY ASSIGNED LC-TYPE CALL NUMBER (OCLC); LOCAL CALL NUMBER (OCLC) | |
| Classification number (OCLC) (R) ; Classification number, CALL (RLIN) (NR) | PA6156 |
| Local cutter number (OCLC) ; Book number/undivided call number, CALL (RLIN) | .T4 1912a |
| 099 ## - LOCAL FREE-TEXT CALL NUMBER (OCLC) | |
| Bangla Class number | *ML A.8AE.TER2 - 4M-L - B2 |
| 100 0# - MAIN ENTRY--PERSONAL NAME | |
| Personal name | Terence. |
| 9 (RLIN) | 73619 |
| 245 10 - TITLE STATEMENT | |
| Title | Terence / |
| Statement of responsibility, etc. | with an English translation by John Sargeaunt. |
| Number of part/section of a work | Volume-2 |
| 260 ## - PUBLICATION, DISTRIBUTION, ETC. (IMPRINT) | |
| Place of publication, distribution, etc. | London ; |
| Name of publisher, distributor, etc. | Heinemann ; |
| Place of publication, distribution, etc. | New York : |
| Name of publisher, distributor, etc. | Macmillan, |
| Date of publication, distribution, etc. | 1912 [reprinted 1951]. |
| 300 ## - PHYSICAL DESCRIPTION | |
| Pagination | V-2 (323 p.) ; |
| Size | 17 cm. |
| 490 1# - SERIES STATEMENT | |
| Series statement | Loeb classical library ; |
| Volume/sequential designation | 22-23. |
| 504 ## - BIBLIOGRAPHY, ETC. NOTE | |
| Bibliography, etc | Includes bibliographical references. |
| 505 0# - FORMATTED CONTENTS NOTE | |
| Formatted contents note | 1. The lady of Andros. The self-tormentor. The eunuch.-- 2. Phormio. The mother-in-law. The brothers. |
| 650 1# - SUBJECT ADDED ENTRY--TOPICAL TERM | |
| Topical term or geographic name as entry element | Terence -- Translations into English. |
| 9 (RLIN) | 73620 |
| 700 1# - ADDED ENTRY--PERSONAL NAME | |
| Personal name | Sargeaunt, John, |
| Dates associated with a name | 1857-1922. |
| 830 #0 - SERIES ADDED ENTRY--UNIFORM TITLE | |
| Volume number/sequential designation | 22-23. |
| 830 #0 - SERIES ADDED ENTRY--UNIFORM TITLE | |
| Uniform title | Loeb classical library ; |
| 942 ## - ADDED ENTRY ELEMENTS (KOHA) | |
| Source of classification or shelving scheme | Dewey Decimal Classification |
| Koha item type | Books |
| Lost status | Source of classification or shelving scheme | Damaged status | Not for loan | Collection code | Permanent Location | Current Location | Shelving location | Date acquired | Source of acquisition | Cost, normal purchase price | Total Checkouts | Full call number | Date last seen | Copy number | Koha item type |
|---|---|---|---|---|---|---|---|---|---|---|---|---|---|---|---|
| Dewey Decimal Classification | Added to bundle | Fiction | Central Library, University of Rajshahi | Central Library, University of Rajshahi | Reading Room | 09/03/1955 | simpkin marshall | 15.00 | 872 TET V-2 1951 | 12/03/2014 | C-1 | Books |